000 00467nam a22001697a 4500
999 _c6028
_d6026
005 20210827121333.0
008 200225b xxu||||| |||| 00| 0 eng d
020 _a978-93-88527-79-8
041 _aeng
082 _a546
100 _aKAR, ASHUTOSH
_95122
245 _aADVANCED INORGANIC CHEMISTRY:for B.sc (hons), M.sc AND Research Scholar( VOL- II)
_cASHUTOSH KAR
260 _aNEW DELHI
_bCBS
_c2019
300 _a584p,
650 _aPHARMACY
_96770
942 _cBK